[Event "XXXIV Festival A"]
[Site "Arco ITA"]
[Date "2012.10.16"]
[Round "4"]
[White "De Eccher, Stefano"]
[Black "Burmakin, Vladimir"]
[WhiteElo "2230"]
[BlackElo "2579"]
[Result "0-1"]
[PlyCount "86"]
[EventDate "2012.10.13"]

1. e4 c6 2. d4 d5 3. Nc3 dxe4 4. Nxe4 Bf5 5. Ng3 Bg6 6. Bc4 e6 7. N1e2 Nf6 8.
O-O Bd6 9. f4 Qd7 10. Bd3 Bxd3 11. Qxd3 O-O 12. f5 Na6 13. Bg5 Be7 14. Nf4 Nb4
15. Qd2 Nbd5 16. fxe6 fxe6 17. Rae1 Nxf4 18. Bxf4 c5 19. dxc5 Bxc5+ 20. Kh1
Qxd2 21. Bxd2 Rad8 22. Bc3 Nd5 23. Ne4 Rxf1+ 24. Rxf1 Ne3 25. Rc1 Bd4 26. Bxd4
Rxd4 27. Nc5 Rd2 28. Nxb7 Nxc2 29. h3 Ne3 30. Re1 Nxg2 31. Rxe6 Rxb2 32. Nd8 g5
33. Ra6 Nf4 34. Rxa7 Nxh3 35. Ne6 g4 36. Ra4 h5 37. Nf4 Nxf4 38. Rxf4 Kg7 39.
Rf5 Kg6 40. Ra5 g3 41. a4 h4 42. Rb5 Ra2 43. a5 h3 0-1

[Event "XXXIV Festival A"]
[Site "Arco ITA"]
[Date "2012.10.16"]
[Round "4"]
[White "De Nisi, Roberta"]
[Black "Knors, Rudi"]
[WhiteElo "1926"]
[BlackElo "2112"]
[Result "1/2-1/2"]
[PlyCount "109"]
[EventDate "2012.10.13"]

1. d4 d5 2. c4 c6 3. Nc3 Nf6 4. cxd5 cxd5 5. Bg5 Nc6 6. e3 a6 7. a3 Ra7 8. Bd3
Bg4 9. f3 Bh5 10. Nge2 Bg6 11. O-O e6 12. e4 Be7 13. e5 Nd7 14. Be3 Na5 15. b4
Bxd3 16. Qxd3 Nc4 17. Bf2 O-O 18. f4 f5 19. Na4 b6 20. Kh1 Qe8 21. Nac3 Rc7 22.
Ra2 Qf7 23. Rfa1 Rfc8 24. Bg1 Kh8 25. Qg3 Nf8 26. Qd3 Qh5 27. Qf3 Qxf3 28. gxf3
Ng6 29. Kg2 Kg8 30. Bf2 Kf7 31. Kh3 b5 32. Rg1 Rc6 33. Nd1 Nb6 34. Ne3 Na4 35.
Be1 Nf8 36. Bd2 Nd7 37. Raa1 Ndb6 38. Rac1 Nb2 39. Rxc6 Rxc6 40. Rc1 Rxc1 41.
Bxc1 N2c4 42. Nc3 Nxe3 43. Bxe3 Nc4 44. Bc1 Ke8 45. Kg3 Kd7 46. Kf2 Kc6 47. Nb1
a5 48. bxa5 Nxa5 49. Ke2 Nc4 50. Kd3 Bh4 51. Ke2 Bd8 52. Nd2 Be7 53. Nb1 b4 54.
Kd3 Kb5 55. Nc3+ 1/2-1/2

[Event "XXXIV Festival A"]
[Site "Arco ITA"]
[Date "2012.10.16"]
[Round "4"]
[White "De Santis, Alessio"]
[Black "Oppici, Gabriele"]
[WhiteElo "2294"]
[BlackElo "1961"]
[Result "1-0"]
[PlyCount "78"]
[EventDate "2012.10.13"]

1. d4 Nc6 2. c4 e5 3. d5 Nce7 4. Nc3 Ng6 5. Nf3 Nf6 6. h4 h5 7. Bg5 Be7 8. e3
d6 9. Bd3 Nf8 10. Qc2 N8h7 11. O-O-O Bg4 12. Rdg1 c6 13. c5 Nxg5 14. hxg5 Nxd5
15. g6 f6 16. cxd6 Bxd6 17. Bc4 Nxc3 18. Bf7+ Ke7 19. Qxc3 Qb6 20. Kb1 Bf5+ 21.
Ka1 Qb4 22. Qc1 Rad8 23. Rh4 Qb5 24. Rgh1 Bg4 25. Nh2 Be2 26. Nf1 Bb4 27. Ng3
Bd3 28. a3 Bd6 29. Nxh5 e4 30. Nxg7 Rxh4 31. Rxh4 Be5 32. Nf5+ Kd7 33. Nd4 Qb6
34. Rh7 c5 35. Bd5+ Kd6 36. Rxb7 Qa6 37. Rc7 Kxc7 38. Qxc5+ Kd7 39. Bc6+ Qxc6
1-0

[Event "XXXIV Festival A"]
[Site "Arco ITA"]
[Date "2012.10.16"]
[Round "4"]
[White "De Simone Sorrentino, Fabio"]
[Black "Sigmund, Ingenuin"]
[WhiteElo "1703"]
[BlackElo "1776"]
[Result "1-0"]
[PlyCount "89"]
[EventDate "2012.10.13"]

1. e4 e6 2. d4 d5 3. Nd2 c5 4. exd5 exd5 5. Ngf3 Nf6 6. Be2 Nc6 7. c3 c4 8. O-O
Bd6 9. Re1 O-O 10. Nf1 h6 11. Ng3 Ne7 12. Nh4 Qc7 13. Be3 g5 14. Nf3 Ng6 15.
Kh1 Kg7 16. Ng1 Be6 17. Bh5 Nf4 18. Bxf4 Bxf4 19. Bf3 g4 20. Be2 Rh8 21. Nf1 h5
22. g3 Bd6 23. Qc1 Rh6 24. Bd1 Rah8 25. Bc2 Ne4 26. Bxe4 dxe4 27. Rxe4 Kf8 28.
Qg5 Bd5 29. Qxd5 h4 30. Rae1 hxg3 31. Re8+ Kg7 32. Rxh8 Rxh8 33. Nxg3 Kf8 34.
Re3 b6 35. Qa8+ Kg7 36. Qe4 Kf8 37. Qxg4 Rh7 38. Nf3 Qc6 39. Qe4 Qxe4 40. Rxe4
Rh6 41. Nf5 Rf6 42. Nxd6 Rxf3 43. Kg2 Rd3 44. Nxc4 b5 45. Nd6 1-0

[Event "XXXIV Festival A"]
[Site "Arco ITA"]
[Date "2012.10.16"]
[Round "4"]
[White "Di Lazzaro, Gabriele"]
[Black "Maddaloni, Giovanni"]
[WhiteElo "1888"]
[BlackElo "1762"]
[Result "1-0"]
[PlyCount "95"]
[EventDate "2012.10.13"]

1. d4 Nf6 2. Nc3 g6 3. e4 d6 4. Be3 Bg7 5. f3 O-O 6. Qd2 e5 7. O-O-O Nc6 8.
Nge2 a6 9. d5 Ne7 10. g4 Nd7 11. h4 f5 12. gxf5 gxf5 13. Bh6 f4 14. Rg1 Rf7 15.
Bh3 Nc5 16. Bxc8 Rxc8 17. Bxg7 Rxg7 18. Rxg7+ Kxg7 19. Rg1+ Kf7 20. Nxf4 Ng6
21. Nxg6 hxg6 22. Qf2 Qf6 23. b4 Nd7 24. Ne2 Nb6 25. Qg3 Rh8 26. Rh1 Nc4 27. f4
exf4 28. Qxf4 b5 29. Rf1 Qxf4+ 30. Rxf4+ Kg7 31. Nd4 g5 32. Ne6+ Kg6 33. Nxg5
Ne5 34. Ne6 Rc8 35. Rf8 Rxf8 36. Nxf8+ Kh5 37. Ne6 Kxh4 38. Kd2 Kg3 39. Ke3 c6
40. dxc6 Nxc6 41. c3 a5 42. bxa5 Nxa5 43. Nc7 Nc4+ 44. Kd4 Na3 45. Ne8 Nc4 46.
a4 Na3 47. a5 Nc4 48. a6 1-0

[Event "XXXIV Festival A"]
[Site "Arco ITA"]
[Date "2012.10.16"]
[Round "4"]
[White "Dieli, Riccardo"]
[Black "Bonade', Massimo"]
[WhiteElo "1839"]
[BlackElo "2086"]
[Result "1/2-1/2"]
[PlyCount "109"]
[EventDate "2012.10.13"]

1. Nf3 b6 2. d4 Bb7 3. c4 e6 4. Nc3 Bb4 5. a3 Bxc3+ 6. bxc3 Nf6 7. Bg5 h6 8.
Bh4 g5 9. Bg3 Ne4 10. Qc2 f5 11. h3 d6 12. Nd2 Nd7 13. Bh2 Qe7 14. Nxe4 Bxe4
15. Qa4 O-O 16. f3 Bb7 17. Qc2 e5 18. O-O-O Rae8 19. g4 e4 20. f4 fxg4 21. e3
Nf6 22. Rg1 Bc8 23. fxg5 hxg5 24. Be2 Kg7 25. Rg2 Rh8 26. hxg4 Rh3 27. Bg1 Reh8
28. Rf1 R8h6 29. Qa4 a5 30. Qc6 d5 31. c5 Qd7 32. Qxd7+ Bxd7 33. cxb6 cxb6 34.
c4 R3h4 35. Bf2 Rh2 36. Rfg1 dxc4 37. Bxc4 Nxg4 38. Rxh2 Rxh2 39. Bg3 Rh6 40.
Bd5 Bf5 41. Kd2 Rh3 42. Ke2 Kg6 43. Kd2 Nf6 44. Bc6 Rh8 45. Rb1 Rh3 46. Be5 Ng4
47. Be8+ Kh7 48. Rxb6 Nxe3 49. Rb7+ Kh6 50. Bg7+ Kh7 51. Bf6+ Kh6 52. Bg7+ Kh7
53. Bf6+ Kh6 54. Bg7+ Kh7 55. Ke2 1/2-1/2

[Event "XXXIV Festival A"]
[Site "Arco ITA"]
[Date "2012.10.16"]
[Round "4"]
[White "Dobboletta, Alex"]
[Black "Arvola, Benjamin"]
[WhiteElo "1995"]
[BlackElo "2296"]
[Result "0-1"]
[PlyCount "64"]
[EventDate "2012.10.13"]

1. e4 e5 2. Nf3 Nc6 3. Bb5 a6 4. Ba4 Nf6 5. O-O Be7 6. Re1 b5 7. Bb3 d6 8. c3
O-O 9. d4 Bg4 10. d5 Na5 11. Bc2 c6 12. dxc6 Qb6 13. Nbd2 Qxc6 14. h3 Be6 15.
Nf1 Nc4 16. Ng3 Rfe8 17. Nf5 Bf8 18. g4 d5 19. b3 dxe4 20. bxc4 exf3 21. g5
Rad8 22. Bd2 Nh5 23. Be4 Qd7 24. Qxf3 Qxd2 25. Qxh5 Bxf5 26. Bc6 g6 27. Qh4 Rd3
28. Rad1 Qxd1 29. Rxd1 Rxd1+ 30. Kg2 Rc8 31. Bd5 bxc4 32. Bxc4 e4 0-1

[Event "XXXIV Festival A"]
[Site "Arco ITA"]
[Date "2012.10.16"]
[Round "4"]
[White "Duruz, Noe"]
[Black "Del Nevo, Claudio"]
[WhiteElo "1930"]
[BlackElo "1821"]
[Result "1-0"]
[PlyCount "57"]
[EventDate "2012.10.13"]

1. e4 d6 2. d4 Nf6 3. Nc3 c6 4. Bg5 g6 5. Qd2 Bg7 6. f4 O-O 7. Nf3 b5 8. Bd3
Bb7 9. O-O b4 10. Ne2 a5 11. c3 c5 12. Ng3 Qb6 13. e5 dxe5 14. fxe5 Nfd7 15.
Be3 Qc7 16. Bh6 Ba6 17. Bxg7 Kxg7 18. Ng5 Qb6 19. Bxa6 Nxa6 20. Rae1 e6 21.
N3e4 cxd4 22. cxd4 Nxe5 23. Nf6 Nc4 24. Qf4 Rad8 25. Nfxh7 Qxd4+ 26. Qxd4+ Rxd4
27. Nxf8 Rg4 28. Rxf7+ Kg8 29. Nfxe6 1-0

[Event "XXXIV Festival A"]
[Site "Arco ITA"]
[Date "2012.10.16"]
[Round "4"]
[White "Espinosa Cancino, Cristina"]
[Black "Simeone, Giulio"]
[WhiteElo "1479"]
[BlackElo "1928"]
[Result "0-1"]
[PlyCount "104"]
[EventDate "2012.10.13"]

1. e4 c6 2. d4 d5 3. Nc3 dxe4 4. Nxe4 Nf6 5. Nxf6+ exf6 6. Nf3 Bd6 7. c3 O-O 8.
Be2 Re8 9. O-O Bg4 10. Be3 Nd7 11. Re1 Nb6 12. Nd2 Bxe2 13. Rxe2 f5 14. Nf3 h6
15. Qd3 f4 16. Bd2 Qd7 17. Rae1 Rxe2 18. Qxe2 Nd5 19. Ne5 Qf5 20. Qf3 Qc2 21.
Bc1 Re8 22. Bxf4 Nxf4 23. Qxf4 f6 24. h3 fxe5 25. dxe5 Qd3 26. Re3 Qd1+ 27. Kh2
Bc7 28. g3 Qd5 29. Qf5 Rf8 30. Qc2 Bxe5 31. Qe2 Bd6 32. Kg1 Bc5 33. Rd3 Qf7 34.
Rd2 Bb6 35. Kg2 Qe8 36. Qc4+ Qf7 37. Qe2 Kh8 38. h4 Qe8 39. Qf1 Qe7 40. Kg1 Qe5
41. Re2 Qxg3+ 42. Qg2 Qxg2+ 43. Kxg2 Kg8 44. f3 h5 45. Re5 g6 46. Re7 Rf7 47.
Re6 Kg7 48. b3 Bd8 49. Kg3 Bf6 50. c4 Rd7 51. Re2 Rd4 52. Rh2 Be5+ 0-1

[Event "XXXIV Festival A"]
[Site "Arco ITA"]
[Date "2012.10.16"]
[Round "4"]
[White "Galas, Franco"]
[Black "Kern, Beat"]
[WhiteElo "1735"]
[BlackElo "1624"]
[Result "1/2-1/2"]
[PlyCount "75"]
[EventDate "2012.10.13"]

1. d4 Nf6 2. Nf3 d5 3. e3 e6 4. c3 Bd6 5. Bd3 b6 6. Nbd2 Bb7 7. Qc2 Nbd7 8. e4
dxe4 9. Nxe4 Nxe4 10. Bxe4 Bxe4 11. Qxe4 Be7 12. O-O O-O 13. h3 c5 14. Be3 Nf6
15. Qc2 Nd5 16. Rfe1 Nxe3 17. Rxe3 cxd4 18. Nxd4 Bc5 19. Rd1 Qc7 20. Red3 Bxd4
21. Rxd4 Rfd8 22. Qe4 h6 23. Rd7 Rxd7 24. Qxa8+ Kh7 25. Qe4+ Kg8 26. Re1 a5 27.
a3 Qd8 28. g3 Rd2 29. Re2 Rd1+ 30. Kg2 Qd5 31. Qxd5 Rxd5 32. f4 a4 33. Rc2 Kf8
34. h4 h5 35. Kf2 Rd3 36. Re2 g6 37. Re3 Rd2+ 38. Re2 1/2-1/2

[Event "XXXIV Festival A"]
[Site "Arco ITA"]
[Date "2012.10.16"]
[Round "4"]
[White "Gardini, Enrico"]
[Black "Roth, Peter"]
[WhiteElo "1807"]
[BlackElo "2226"]
[Result "1/2-1/2"]
[PlyCount "79"]
[EventDate "2012.10.13"]

1. c4 g6 2. Nc3 Bg7 3. Nf3 Nf6 4. g3 O-O 5. Bg2 d6 6. O-O e5 7. d3 Nc6 8. Rb1
a5 9. Bg5 h6 10. Bd2 Nh5 11. e4 Be6 12. Nd5 Ne7 13. Ne1 c6 14. Nxe7+ Qxe7 15.
Bc3 Qd7 16. Qd2 a4 17. b4 axb3 18. axb3 Bh3 19. d4 Bxg2 20. Nxg2 Qh3 21. f3 f5
22. exf5 gxf5 23. dxe5 dxe5 24. Qd7 Rf7 25. Qe6 e4 26. Bxg7 exf3 27. Rxf3 Nxg7
28. Qg6 Ra2 29. Rf2 Rxf2 30. Kxf2 Qxh2 31. Rd1 Qh5 32. Rd8+ Rf8 33. Rxf8+ Kxf8
34. Qd6+ Kg8 35. Nh4 Kh7 36. Qc7 Qd1 37. Qxb7 Qd2+ 38. Kf3 Qd3+ 39. Kf2 Qd2+
40. Kf3 1/2-1/2

[Event "XXXIV Festival A"]
[Site "Arco ITA"]
[Date "2012.10.16"]
[Round "4"]
[White "Garvani, Vittorio"]
[Black "Facchetti, Gianni"]
[WhiteElo "1904"]
[BlackElo "2087"]
[Result "1/2-1/2"]
[PlyCount "94"]
[EventDate "2012.10.13"]

1. e4 e5 2. Nf3 Nc6 3. Bb5 Bc5 4. c3 Nf6 5. d4 Bb6 6. Nxe5 O-O 7. Nxc6 bxc6 8.
Bd3 Nxe4 9. O-O d5 10. Qc2 f5 11. f3 Nd6 12. Be3 a5 13. Nd2 Qf6 14. Nb3 Ba6 15.
Bxa6 Rxa6 16. Nc5 Raa8 17. Rae1 Qf7 18. Nd3 Nc4 19. Bf2 Rad8 20. b3 Na3 21. Qc1
Nb5 22. a4 Na7 23. Bh4 Rde8 24. Rxe8 Rxe8 25. Re1 Re6 26. Rxe6 Qxe6 27. Qe1
Qxe1+ 28. Bxe1 Kf7 29. Kf2 Ke6 30. Kg3 Nc8 31. Kf4 Ne7 32. Ke3 g5 33. Nc5+ Kd6
34. b4 axb4 35. cxb4 Bxc5 36. dxc5+ Ke6 37. Kd4 f4 38. a5 Nf5+ 39. Kd3 Kd7 40.
g3 fxg3 41. hxg3 h5 42. Ke2 g4 43. Kf2 Kc8 44. f4 Kb7 45. Ke2 Ka6 46. Kf2 Kb5
47. Ke2 Ka6 1/2-1/2

[Event "XXXIV Festival A"]
[Site "Arco ITA"]
[Date "2012.10.16"]
[Round "4"]
[White "Gulinelli, Euro"]
[Black "Salati, Paolo"]
[WhiteElo "1633"]
[BlackElo "1887"]
[Result "1/2-1/2"]
[PlyCount "44"]
[EventDate "2012.10.13"]

1. e4 Nf6 2. e5 Nd5 3. d4 d6 4. Nf3 Bg4 5. Be2 Nc6 6. O-O e6 7. c4 Nb6 8. b3
Be7 9. Be3 O-O 10. Nc3 Nd7 11. exd6 cxd6 12. d5 Nce5 13. Nxe5 Bxe2 14. Qxe2
Nxe5 15. f4 Nd7 16. Bd4 Bf6 17. Bxf6 Qxf6 18. Qf3 a6 19. Kh1 Rab8 20. Ne4 Qe7
21. Rad1 e5 22. f5 f6 1/2-1/2

[Event "XXXIV Festival A"]
[Site "Arco ITA"]
[Date "2012.10.16"]
[Round "4"]
[White "Horvath, Csaba"]
[Black "Dittmar, Peter"]
[WhiteElo "2526"]
[BlackElo "2329"]
[Result "1-0"]
[PlyCount "141"]
[EventDate "2012.10.13"]

1. e4 c6 2. Nc3 d5 3. Qe2 dxe4 4. Nxe4 Bf5 5. d3 e6 6. g4 Bg6 7. Bg2 h5 8. g5
Ne7 9. Nh3 Na6 10. Bd2 Nd5 11. O-O-O Bb4 12. c3 Bd6 13. c4 Ne7 14. Bc3 Nf5 15.
Nxd6+ Qxd6 16. Be5 Qe7 17. Nf4 Qxg5 18. Rhg1 Qh6 19. Kb1 O-O-O 20. Nxg6 fxg6
21. f4 Nc5 22. Qf2 Nd7 23. Qxa7 Nxe5 24. Qa8+ Kc7 25. Qa5+ Kc8 26. Qxe5 Rhe8
27. Be4 h4 28. Rg5 h3 29. Rdg1 Qh4 30. Rxg6 Qf2 31. Rh1 Nd4 32. Rxg7 Rd7 33.
Rxd7 Kxd7 34. Qg7+ Re7 35. Qg1 Qc2+ 36. Ka1 c5 37. Qd1 Qf2 38. Qa4+ Kd6 39. Qa5
Rg7 40. Qd8+ Rd7 41. Qf8+ Re7 42. Qb8+ Rc7 43. Qh8 Qxf4 44. Qxh3 Rg7 45. Qh8
Qg5 46. Qb8+ Rc7 47. Bxb7 Kd7 48. Rf1 Qg7 49. Ba6 Kd6 50. Bb5 Ke5 51. a3 Nf5
52. Qd8 Ra7 53. Ka2 Nd4 54. Qb8+ Rc7 55. Re1+ Kf5 56. Rf1+ Ke5 57. Be8 Nf5 58.
Re1+ Kf6 59. Qd8+ Re7 60. Bb5 Qg2 61. Qf8+ Rf7 62. Qxc5 Qxh2 63. d4 Qf2 64.
Rxe6+ Kg5 65. Re5 Kf4 66. Qd5 Rf8 67. Qe4+ Kg3 68. Qd3+ Kf4 69. Bd7 Ng3 70. Qd1
Rb8 71. Qg4# 1-0

[Event "XXXIV Festival A"]
[Site "Arco ITA"]
[Date "2012.10.16"]
[Round "4"]
[White "Karl, Hans"]
[Black "Espinosa Cancino, Miguel"]
[WhiteElo "2141"]
[BlackElo "1696"]
[Result "1-0"]
[PlyCount "105"]
[EventDate "2012.10.13"]

1. d4 Nf6 2. c4 g6 3. Nc3 Bg7 4. e4 d6 5. f3 O-O 6. Bg5 h6 7. Be3 c6 8. Qd2 Kh7
9. Bd3 Na6 10. Nge2 Bd7 11. O-O Rb8 12. a3 Nc7 13. b4 b5 14. e5 Ng8 15. f4 bxc4
16. Bxc4 d5 17. Bd3 f5 18. Na4 Ne6 19. Qc2 h5 20. h3 Nh6 21. Nc5 Nxc5 22. Qxc5
Ra8 23. a4 e6 24. b5 cxb5 25. axb5 Qb6 26. Ra6 Qb7 27. Rfa1 Rfc8 28. Qb4 Rcb8
29. Nc3 Bf8 30. Qa5 Rc8 31. Na4 Rc7 32. Nc5 Qc8 33. Nxe6 Bxe6 34. Rxe6 Rc3 35.
Rc6 Rxc6 36. bxc6 Qxc6 37. Rc1 Qe6 38. Rc7+ Be7 39. Bd2 Nf7 40. Rxa7 Rxa7 41.
Qxa7 Kg7 42. Bb5 Bd8 43. Ba5 Qc8 44. Bxd8 Qc1+ 45. Bf1 Qe3+ 46. Kh1 Qxf4 47.
Bf6+ Kh6 48. Qa1 Ng5 49. Bxg5+ Kxg5 50. Qe1 Qxd4 51. e6 Qh8 52. e7 Qe8 53. Bb5
1-0

[Event "XXXIV Festival A"]
[Site "Arco ITA"]
[Date "2012.10.16"]
[Round "4"]
[White "Kierzek, Mira"]
[Black "Schaberg, Wolfgang"]
[WhiteElo "2018"]
[BlackElo "1856"]
[Result "1-0"]
[PlyCount "73"]
[EventDate "2012.10.13"]

1. d4 d5 2. Nf3 Nf6 3. e3 e6 4. Bd3 c5 5. b3 Nc6 6. Bb2 Qc7 7. a3 a6 8. Ne5
cxd4 9. exd4 Bd6 10. f4 Bd7 11. O-O h5 12. Nd2 Be7 13. c4 Qb6 14. c5 Qc7 15. b4
Nxe5 16. dxe5 Ng4 17. Qf3 g6 18. Bd4 Ba4 19. Rac1 Qc6 20. Rb1 Bb5 21. Ra1 O-O
22. h3 Nh6 23. g4 Bxd3 24. Qxd3 hxg4 25. hxg4 Kg7 26. Qg3 g5 27. f5 f6 28. Rae1
exf5 29. gxf5 Rg8 30. e6 Rh8 31. Re2 Rag8 32. Rg2 Kf8 33. Rff2 Rh7 34. Qb8+ Kg7
35. Rxg5+ Kh8 36. Rxg8+ Nxg8 37. Rg2 1-0

[Event "XXXIV Festival A"]
[Site "Arco ITA"]
[Date "2012.10.16"]
[Round "4"]
[White "La Manna, Andrea"]
[Black "Lezzerini, Marco"]
[WhiteElo "2193"]
[BlackElo "1920"]
[Result "1/2-1/2"]
[PlyCount "75"]
[EventDate "2012.10.13"]

1. d4 d6 2. c4 e5 3. d5 f5 4. e4 fxe4 5. Nc3 Nf6 6. Nge2 Na6 7. Ng3 Nc5 8. Bg5
Be7 9. Bxf6 Bxf6 10. Ngxe4 Nxe4 11. Nxe4 O-O 12. Bd3 Qe7 13. O-O Bg5 14. Qc2
Bf4 15. Rfe1 b6 16. a3 a5 17. b3 Bg4 18. Rab1 Qf7 19. Ng3 h5 20. f3 h4 21. Nf1
Bd7 22. Bh7+ Kh8 23. Be4 Qh5 24. Qe2 Rg8 25. Qd3 g5 26. Bf5 Rg7 27. Bxd7 Rxd7
28. Qf5 Rg7 29. Rb2 h3 30. g3 Qxf3 31. Qxh3+ Rh7 32. Qg2 Qc3 33. Rbb1 Rg8 34.
Kh1 Rhg7 35. Qh3+ Rh7 36. Qg2 Rhg7 37. Qb2 Qf3+ 38. Qg2 1/2-1/2

[Event "XXXIV Festival A"]
[Site "Arco ITA"]
[Date "2012.10.16"]
[Round "4"]
[White "Leone, Cataldo"]
[Black "Thonig, Manfred"]
[WhiteElo "1590"]
[BlackElo "1638"]
[Result "1-0"]
[PlyCount "131"]
[EventDate "2012.10.13"]

1. e4 g6 2. d4 Bg7 3. Nf3 d6 4. Bc4 e6 5. Nc3 Ne7 6. O-O Nd7 7. Bg5 h6 8. Be3
b6 9. Qd2 Bb7 10. Rfe1 a6 11. Rad1 Nf6 12. d5 e5 13. h3 Qd7 14. a4 g5 15. Nh2
Ng6 16. b4 g4 17. Nxg4 Nxg4 18. hxg4 Qxg4 19. Be2 Qd7 20. b5 a5 21. f3 O-O-O
22. Kf2 Rdf8 23. Rh1 Nf4 24. Bxf4 exf4 25. Bd3 Bd4+ 26. Kf1 Be3 27. Qe1 Qe7 28.
Qh4 Qe5 29. Ne2 Rfg8 30. Rh3 Kb8 31. g4 fxg3 32. Rxg3 Rxg3 33. Qxg3 Qf6 34. f4
Bc5 35. Kg2 Qd8 36. Kf3 Rg8 37. Qh3 Bc8 38. f5 Qg5 39. Nf4 Bd7 40. Qg2 Qd8 41.
Qh3 Qf6 42. Ne2 Qg7 43. Rh1 Ka7 44. Rh2 Rh8 45. Rg2 Qf8 46. Rg4 f6 47. Qh4 Be8
48. Nf4 h5 49. Rg2 Qh6 50. Qg3 h4 51. Qg7 Bh5+ 52. Nxh5 Qe3+ 53. Kg4 Qh6 54.
Qxh6 Rxh6 55. Kxh4 Be3 56. Rg6 Bg5+ 57. Kg4 Kb7 58. Rxg5 fxg5 59. Kxg5 Rh8 60.
Kg6 Kc8 61. Be2 Kd7 62. f6 Ke8 63. Kg7 Rf8 64. Bg4 Rf7+ 65. Kg6 Kf8 66. Be6 1-0

[Event "XXXIV Festival A"]
[Site "Arco ITA"]
[Date "2012.10.16"]
[Round "4"]
[White "Machlik, Jon"]
[Black "Antonelli, Fabrizio"]
[WhiteElo "1732"]
[BlackElo "2011"]
[Result "1/2-1/2"]
[PlyCount "87"]
[EventDate "2012.10.13"]

1. e4 c5 2. Nf3 a6 3. d4 cxd4 4. Nxd4 Nf6 5. Nc3 e5 6. Nf5 d5 7. Bg5 Bxf5 8.
Nxd5 Nbd7 9. exf5 Qa5+ 10. Nc3 Ne4 11. Bd2 Nxd2 12. Qxd2 Bb4 13. a3 Bxc3 14.
Qxc3 Qxc3+ 15. bxc3 Rc8 16. Kd2 Ke7 17. Bd3 Rhd8 18. Rhe1 Kf6 19. Rab1 Nc5 20.
Rb6+ Rc6 21. Rxc6+ bxc6 22. f3 h5 23. Re3 Rd5 24. Ke2 Nxd3 25. Rxd3 Kxf5 26.
Ke3 Ke6 27. c4 Rc5 28. Rc3 f5 29. h4 Ra5 30. Kd3 Kd6 31. Rb3 Kc5 32. c3 Ra4 33.
Rb7 Rxc4 34. Rxg7 Rxh4 35. Rg5 Kd5 36. Rxf5 c5 37. Ke3 Rc4 38. Kd3 Ra4 39. Rxh5
Rxa3 40. f4 c4+ 41. Kd2 Ke4 42. Rxe5+ Kxf4 43. Rc5 Ra2+ 44. Kc1 1/2-1/2

[Event "XXXIV Festival A"]
[Site "Arco ITA"]
[Date "2012.10.16"]
[Round "4"]
[White "Messina, Roberta"]
[Black "Valenti, Giuseppe"]
[WhiteElo "1983"]
[BlackElo "2162"]
[Result "0-1"]
[PlyCount "100"]
[EventDate "2012.10.13"]

1. c4 c5 2. Nf3 e6 3. Nc3 Nf6 4. d4 cxd4 5. Nxd4 a6 6. e4 Qc7 7. Be3 d6 8. f3
Nbd7 9. Bd3 Be7 10. O-O O-O 11. Rc1 b6 12. Qe2 Ne5 13. Rfd1 Nxd3 14. Rxd3 Bb7
15. b3 Rfe8 16. Qf2 Rac8 17. Nde2 Nd7 18. Qg3 Ba8 19. Kh1 Qb8 20. Bf4 Ne5 21.
Bh6 g6 22. Rdd1 b5 23. f4 Nd7 24. e5 bxc4 25. exd6 Bxd6 26. bxc4 Nf6 27. Rb1
Qc7 28. Na4 Ne4 29. Qh4 Be7 30. Qe1 Rb8 31. Nec3 Nf6 32. Rxb8 Rxb8 33. Qe2 Rb4
34. Rd4 Qc6 35. Nb2 Qxg2+ 36. Qxg2 Bxg2+ 37. Kxg2 Rxb2+ 38. Kh3 Rb8 39. Na4 Bf8
40. Bxf8 Kxf8 41. Nc5 Rb2 42. Nxa6 Rxa2 43. Nb4 Ra3+ 44. Kh4 Rc3 45. Nd3 Rc2
46. Kh3 Rc3 47. Kh4 h6 48. Ne5 Kg7 49. Nd3 Rc2 50. h3 Rg2 0-1

[Event "XXXIV Festival A"]
[Site "Arco ITA"]
[Date "2012.10.16"]
[Round "4"]
[White "Morselli, Stefano"]
[Black "Roversi, Stefano"]
[WhiteElo "1905"]
[BlackElo "1767"]
[Result "1-0"]
[PlyCount "55"]
[EventDate "2012.10.13"]

1. Nf3 c5 2. g3 Nc6 3. Bg2 Nf6 4. O-O e6 5. d3 d5 6. Nbd2 Bd6 7. Re1 O-O 8. e4
dxe4 9. dxe4 Bb8 10. a4 Ng4 11. Qe2 f5 12. h3 Nge5 13. Nxe5 Nxe5 14. exf5 exf5
15. Nc4 Ng6 16. f4 a5 17. Ra3 Ra6 18. Re3 Qd4 19. Bd2 Nxf4 20. gxf4 Bxf4 21. c3
Bxe3+ 22. Bxe3 Qh4 23. Bxc5 Be6 24. Nd6 Rf6 25. Nxb7 Rg6 26. Rd1 f4 27. Rd8+
Kf7 28. Rf8# 1-0

[Event "XXXIV Festival A"]
[Site "Arco ITA"]
[Date "2012.10.16"]
[Round "4"]
[White "Nanni, Sergio"]
[Black "Bisignano, Giuseppe"]
[WhiteElo "1694"]
[BlackElo "1891"]
[Result "1-0"]
[PlyCount "75"]
[EventDate "2012.10.13"]

1. e4 e5 2. Nf3 Nc6 3. Bc4 Bc5 4. b4 Bxb4 5. c3 Ba5 6. O-O d6 7. d4 Qf6 8. d5
Bxc3 9. Nxc3 Nce7 10. Bb5+ c6 11. dxc6 bxc6 12. Nd5 Nxd5 13. Bxc6+ Bd7 14. Bxa8
Nb6 15. Bd5 h6 16. a4 Ne7 17. a5 Nbxd5 18. exd5 a6 19. h3 g5 20. Nh2 Qg6 21.
Ra3 f5 22. g3 f4 23. Kg2 O-O 24. Rg1 fxg3 25. Rxg3 Nf5 26. Rc3 Nh4+ 27. Kf1 Qf6
28. Qc2 e4 29. Ke1 Qd4 30. Qd2 Qe5 31. Rcg3 Kh7 32. Bb2 e3 33. Rxe3 Qxh2 34.
Re7+ Kg6 35. Rg7+ Kf5 36. Qd3+ Kf4 37. Qd4+ Kf5 38. Qg4# 1-0

[Event "XXXIV Festival A"]
[Site "Arco ITA"]
[Date "2012.10.16"]
[Round "4"]
[White "Naumkin, Igor"]
[Black "Kierzek, Matthias"]
[WhiteElo "2480"]
[BlackElo "2191"]
[Result "1-0"]
[PlyCount "63"]
[EventDate "2012.10.13"]

1. d4 d5 2. c4 e6 3. Nf3 c5 4. cxd5 exd5 5. Nc3 Nc6 6. g3 Nf6 7. Bg2 Be7 8. O-O
O-O 9. Bf4 c4 10. Ne5 Bf5 11. b3 Bb4 12. Nxc6 bxc6 13. Na4 c3 14. a3 c2 15. Qc1
Bd6 16. Bxd6 Qxd6 17. Nc5 Rab8 18. Qd2 Nd7 19. e4 dxe4 20. Nxe4 Qe6 21. Qxc2
Rxb3 22. Rfe1 Rfb8 23. Qd2 Qc4 24. Nd6 Qd3 25. Qf4 Be6 26. Be4 Qa6 27. Bc2 Rxa3
28. Rxa3 Qxa3 29. Rxe6 fxe6 30. Qf7+ Kh8 31. Qxe6 Qf3 32. Nf7+ 1-0

[Event "XXXIV Festival A"]
[Site "Arco ITA"]
[Date "2012.10.16"]
[Round "4"]
[White "Niccoli, Paolo"]
[Black "Rygg, Snorre"]
[WhiteElo "1915"]
[BlackElo "1788"]
[Result "0-1"]
[PlyCount "122"]
[EventDate "2012.10.13"]

1. e4 c5 2. c4 Nc6 3. Nc3 g6 4. g3 Bg7 5. Bg2 Nf6 6. Nge2 O-O 7. O-O d6 8. d3
a6 9. h3 Rb8 10. a4 Nb4 11. Be3 Bd7 12. d4 cxd4 13. Nxd4 Qc8 14. Qb3 a5 15. Kh2
Bc6 16. Nd5 Bxd5 17. cxd5 Nd7 18. Rac1 Nc5 19. Qd1 Qd7 20. b3 b6 21. Ne2 Rfc8
22. Bd4 b5 23. Bxg7 Kxg7 24. axb5 Qxb5 25. Nd4 Qd3 26. Qxd3 Nbxd3 27. Rc3 Ra8
28. f4 Rcb8 29. e5 Kf8 30. Ra1 Rb4 31. Rc4 Rxc4 32. bxc4 dxe5 33. fxe5 Nxe5 34.
d6 Ra6 35. dxe7+ Kxe7 36. Re1 f6 37. Bd5 a4 38. g4 Kd7 39. g5 Ncd3 40. Rb1 f5
41. Rb8 a3 42. Rh8 a2 43. Rxh7+ Kd6 44. Nc2 a1=Q 45. Nxa1 Rxa1 46. Rg7 Nc5 47.
Bf7 Nxf7 48. Rxf7 Re1 49. h4 Re4 50. Kh3 Ne6 51. Rf6 Ke5 52. c5 Rc4 53. c6 Rxc6
54. Kg3 Rc3+ 55. Kf2 Nf4 56. Rf8 Rh3 57. Rh8 Ke6 58. Rh7 Nh5 59. Rh6 Kf7 60.
Rh7+ Kg8 61. Rh6 Kg7 0-1

[Event "XXXIV Festival A"]
[Site "Arco ITA"]
[Date "2012.10.16"]
[Round "4"]
[White "Nordstrom, Hakon N."]
[Black "Herold, Hansjoerg"]
[WhiteElo "1780"]
[BlackElo "2043"]
[Result "1-0"]
[PlyCount "75"]
[EventDate "2012.10.13"]

1. d4 Nf6 2. Bg5 e6 3. e3 Be7 4. g3 h6 5. Bxf6 Bxf6 6. Bg2 c5 7. Ne2 d5 8. O-O
Nc6 9. b3 Qb6 10. c3 a5 11. Nd2 O-O 12. Nf3 Bd7 13. Rb1 Ra6 14. c4 cxd4 15.
cxd5 exd5 16. Nfxd4 Nxd4 17. Nxd4 Qd6 18. Rc1 b5 19. Qd3 Rb6 20. Ne2 Be6 21.
Nf4 d4 22. Nxe6 fxe6 23. Rfd1 Rd8 24. exd4 Bxd4 25. Be4 e5 26. Kg2 Qf8 27. Qf3
Rf6 28. Qg4 Rxf2+ 29. Kh3 Rf6 30. Rc7 Re8 31. Rdc1 Be3 32. R1c3 h5 33. Qd7 Rfe6
34. Qxb5 Bd4 35. Rf3 Rf6 36. Rxf6 gxf6 37. Qd5+ Kh8 38. Rh7# 1-0

[Event "XXXIV Festival A"]
[Site "Arco ITA"]
[Date "2012.10.16"]
[Round "4"]
[White "Oltramari, Silvano"]
[Black "Ludwig, Timm"]
[WhiteElo "1742"]
[BlackElo "1688"]
[Result "1/2-1/2"]
[PlyCount "75"]
[EventDate "2012.10.13"]

1. b4 b6 2. Bb2 c5 3. a3 e6 4. Nf3 Nf6 5. bxc5 Bxc5 6. e3 Nc6 7. c4 O-O 8. Nc3
Bb7 9. Be2 Rc8 10. O-O Na5 11. d3 a6 12. Rb1 Qc7 13. e4 Be7 14. Rc1 Qf4 15. Qd2
Qxd2 16. Nxd2 Bc5 17. Na4 Rc6 18. d4 Be7 19. d5 exd5 20. cxd5 Rxc1 21. Rxc1 b5
22. Nc5 Bc8 23. f4 d6 24. Nd3 Bd8 25. Nb4 Bb6+ 26. Kf1 Ng4 27. Bxg4 Bxg4 28.
Nxa6 Rc8 29. Rxc8+ Bxc8 30. Nb4 Nc4 31. Nxc4 bxc4 32. h3 Be3 33. f5 Bd2 34. Ke2
c3 35. Ba1 Bd7 36. Kd3 Bb5+ 37. Kc2 Ba4+ 38. Kd3 1/2-1/2